Procès célèbres - Statistiques

Statistiques générales
  • Ce quiz a été pris 93 fois
  • Le résultat moyen est 7 sur 13
Statistiques - réponses
Descriptif Protagoniste Nom de l'affaire / du procès % Correct
Affaire d'État concernant une accusation d'espionnage envers un capitaine juif en 1894. Celle-ci divisera en deux les intellectuels et la France de l'époque, impliquant notamment Émile Zola et son J'accuse... !. Dreyfus
96%
Procès intenté contre des responsables du Troisième Reich de 1945 à 1946 par les Alliés. Nuremberg
93%
Procès d'une héroïne française par les anglais en 1431 à Rouen dont l'issue se terminera par un bûcher. . Jeanne d'Arc
90%
Procès se déroulant de 1792 à 1793 condamnant à mort cet ancien roi de France sous la guillotine. Sa femme suivra le même destin moins d'un an plus tard. Louis XVI
88%
Procès datant de 1633 condamnant cet astronome suite à sa critique du géocentrisme au profit de l'héliocentrisme. . Galilée
74%
Mélétos accuse lors de ce procès en 399 av. J.-C. un philosophe athénien de corrompre la jeunesse. Ce dernier accepte la condamnation à mort en s'empoisonnant à la ciguë. . Socrate
67%
Procès en sorcellerie le plus célèbre de l'histoire coloniale de l'Amérique du Nord se déroulant entre 1692 et 1693. . Sorcières de Salem
58%
Affaire judiciaire internationale de 1307 accusant cet ordre militaire composé de religieux d'hérésie et d'idolâtrie. . ordre du Temple
51%
Affaire judiciaire débutant en 1761 accusant un père protestant d'avoir assassiné son fils. Cette affaire sera à l'origine du Traité sur la Tolérance de Voltaire. Calas
31%
. Gisèle Halimi
28%
. Philippe IV le Bel
22%
Procès contre l'avortement de 1972 contribuant à l'évolution vers la dépénalisation de l'IVG en France, survenant trois ans plus tard avec la loi Veil. Bobigny
15%
. Hermann Göring
5%
Aucun quiz correspondant
Distribution des résultats
% des personnes avec chaque résultat
Percentile par nombre de réponses
Votre historique - résultats
Vous n’avez pas pris ce quiz